000 00818cab a2200277 4500
001 ABS59083
008 090401t1998 xxu||||| |||| 00| 0 eng d
035 _a(Sirsi) u87849
041 _aeng
100 _aElford, J.
245 _aStrength in numbers
260 _c1998
350 _a0
490 _aProperty Week
_v63(15) 31 July 1998, 26-28(3)
520 _aDiscusses the growth in the health and fitness sector. Considers the increase in larger companies operating in this sector and the effect on rents and the investment market.
650 _aFIT-OUT WORKS
650 _aGROWTH
650 _aHEALTH AND FITNESS SECTOR
650 _aINVESTMENT
650 _aLEISURE SECTOR
650 _aOPERATORS
650 _aRENTS
690 _aLEISURE AND RECREATION
942 _n0
948 _c05/08/1998
999 _c55447
_d55447